Statistics for Top Tourist Attractions in Europe

Click here to take the quiz!

General Stats

  • This quiz has been taken 39 times
    (15 since last reset)
  • The average score is 12 of 47

Answer Stats

CountryTypeHintDestination% Correct
RussiaSquareIconic square in Moscow{Red} Square
91%
GreeceMuseumA museum all about Athens most famous Landmark{Acropolis} Museum
82%
CroatiaCity WallsAncient City Walls, surounding the famous Adriatic City{Dubrovnik} City Walls
82%
ItalyHistoric SiteOne of the 7 Ancient wonders of the world, Rome's most famous landmarkColosseum
73%
SpainCathedralFamous 'unfinished' cathedral in BarcelonaBasilica of the {Sagrada Familia}
64%
Czech RepublicBridgeIconic Bridge over the River Vltava in Prague{Charles} Bridge
64%
AustriaPalaceVienna Palace with large gardens decorated in Baroque style{Schoenbrunn} Palace
64%
NetherlandsMuseumHouse where an iconic WW2 figure hid from the Nazis{Anne Frank} House
55%
SlovakiaOld CityThe Old Town of the largest city in Slovakia{Bratislava} Old Town
55%
Vatican CityChurchOne of the finest Cathedrals in the world, the Vatican's most famous landmark{St. Peter's} Basilica
55%
HungaryGoverment BuildingThe largest of its type in the world, where politicians goParliament
45%
SwitzerlandMountianLarge mountain on the border between Switzerland and ItalyThe {Matterhorn}
45%
LithuaniaOld CityThe Oldest Parts of Lithuania's Capital{Vilnius} Old Town
45%
MontenegroBayOne of the most beautiful bays in Europe, situated next to a town of the same nameBay of {Kotor}
36%
United KingdomMuseumA museum all about Great Britian, in London{British} Museum
36%
BelgiumSquareOne of Europe's most scenic squares, loacted in the Belgium CapitalGrand Place
36%
TurkeyMuseumFamous Istanbul Museum, used to be a church{Hagia Sophia} Museum
36%
SloveniaLakeLake surrounded by the alps, with walks and nice viewsLake {Bled}
36%
LiechtensteinCastleCastle in the Capital, was built over 700 years ago{Vaduz} Castle
36%
SwedenMuseumMaritime museum, the most visited in Scandinavia and houses the worlds only 17th centuary preserved ship{Vasa} Museum
36%
FinlandFortressCastle turned into museam, on one of Helsinki's islands with stunning views of the Baltic SeaFortress of {Suomenlinna}
27%
SerbiaFortressFortress with views of the Serbian capitalThe {Belgrade} Fortress
27%
MacedoniaLakeLake surrounded by a town of the same nameLake {Ohrid}
18%
BelarusCastleCastle named after the small village located outside of Minsk its located in{Mir} Castle
18%
FranceMuseumArt gallery situated on the Seine, used to be a railway stationMusee d'Orsay
18%
PolandMuseumA Concentration Camp turned into a museum, in the town of Oswiecim{Auschwitz-Birkenau} Concentration Camp
9%
MaltaOld CityThe Old City of one of the biggest towns on the Island of Malta{Mdina} Old City
9%
GermanyMuseumWorlds Largest Model Train Museam, in HamburgMiniatur Wunderland
9%
DenmarkVillageFishing Village in the Coastal part of Copenhagen, famous for its row of colourful housesNyhavn
9%
RomaniaCastleMedeval Castle in the town of Sinaia{Peles} Castle
9%
AlbaniaHistoric SiteGreek and Roman ruins stiuated in the town of SarandaButrint
0%
UkraineMonasteryBuilt by Monks in 1501, also known as Kiev-Pechersk Lavra{Caves} Monastery
0%
Bosnia and HerzegovinaMuseumA memorial museum located in Sarajevo to remember the 8327 people that died at SrebrenicaGallery 11/07/95
0%
NorwayFjordOne of the most scenic fjords in Norway, next to a town of the same name{Geiranger} Fjord
0%
AndorraSki ResortSki Resort located high in the Pyrinees{Grandvalira} Ski Resort
0%
San MarinoCastleCastle in the City of San MarinoGuaita
0%
IcelandWaterfallA stunning waterfall in BlaskogabyggdGullfoss
0%
KosovoFortressCastle with views over Prizren{Kalaja} Fortres
0%
IrelandNational ParkBeautiful National Park with waterfalls and spectacular views{Killarney} National Park
0%
PortugalAquariumThe No.1 aquarium in the world, in Lisbon by the AtlanticLisboa {Oceanarium}
0%
LuxembourgMemorialWW2 Cemetary{Luxembourg American} Cemetary Memorial
0%
BulgariaVillageQuaint tourist village located at Sunny Beach{Nessebar} Village
0%
MonacoMuseumA museum and aquaruim in Monte-Carlo{Oceanographic} Museum of Monaco
0%
MoldovaParkLarge Park in the centre of Chisinau{Stefan cel Mare} Park
0%
CyprusCastleCastle with a great view located in Kyrenia{St. Hilarion} Castle
0%
EstoniaHillAn 170 foot limestone platuea with great views over Tallinn{Toompea} Hill
0%
LatviaOld CityThe Old City of RigaVecriga
0%

Score Distribution

Percentile by Number Answered

Percent of People with Each Score

Your Score History

You have not taken this quiz since the last reset